Strategies, techniques, & approaches to critical thinking : (Record no. 60409)

MARC details
000 -LEADER
fixed length control field 01128cam a22003257a 4500
001 - CONTROL NUMBER
control field 17768234
005 - DATE AND TIME OF LATEST TRANSACTION
control field 20260427115816.0
008 - FIXED-LENGTH DATA ELEMENTS--GENERAL INFORMATION
fixed length control field 130607s2014 moua 000 0 eng d
010 ## - LIBRARY OF CONGRESS CONTROL NUMBER
LC control number 2012277425
020 ## - INTERNATIONAL STANDARD BOOK NUMBER
International Standard Book Number 978146061526
035 ## - SYSTEM CONTROL NUMBER
System control number 17768234
035 ## - SYSTEM CONTROL NUMBER
System control number (OCoLC)809616185
042 ## - AUTHENTICATION CODE
Authentication code lccopycat
050 00 - LIBRARY OF CONGRESS CALL NUMBER
Classification number RT42
Item number .M37 2010
100 1# - MAIN ENTRY--PERSONAL NAME
Personal name Martinez de Castillo, Sandra Luz,
Relator term author.
245 10 - TITLE STATEMENT
Title Strategies, techniques, & approaches to critical thinking :
Remainder of title a clinical reasoning workbook for nurses /
246 3# - VARYING FORM OF TITLE
Title proper/short title Strategies, techniques, and approaches to critical thinking
246 3# - VARYING FORM OF TITLE
Title proper/short title STAT
250 ## - EDITION STATEMENT
Edition statement 4th edition.
300 ## - PHYSICAL DESCRIPTION
Extent vi, 269 pages :
Other physical details illustrations ;
Dimensions 28 cm
650 #0 - SUBJECT ADDED ENTRY--TOPICAL TERM
Topical term or geographic name as entry element Nursing
Form subdivision Case studies.
650 #0 - SUBJECT ADDED ENTRY--TOPICAL TERM
Topical term or geographic name as entry element Nursing
General subdivision Decision making
Form subdivision Textbooks.
650 12 - SUBJECT ADDED ENTRY--TOPICAL TERM
Topical term or geographic name as entry element Nursing Care
Form subdivision Problems and Exercises.
650 22 - SUBJECT ADDED ENTRY--TOPICAL TERM
Topical term or geographic name as entry element Decision Making.
655 #7 - INDEX TERM--GENRE/FORM
Genre/form data or focus term Case studies.
Source of term lcgft
906 ## - LOCAL DATA ELEMENT F, LDF (RLIN)
a 7
b cbc
c copycat
d 2
e ncip
f 20
g y-gencatlg
942 ## - ADDED ENTRY ELEMENTS (KOHA)
Source of classification or shelving scheme Library of Congress Classification
Item type Book
Holdings
Withdrawn status Lost status Source of classification or shelving scheme Damaged status Not for loan Collection code Home library Current library Shelving location Date acquired Source of acquisition Total Checkouts Full call number Barcode Date last seen Copy number Price effective from Koha item type
    Library of Congress Classification   Not For Loan Non-fiction Bishop Okullu Memorial Library (Limuru Campus) Bishop Okullu Memorial Library (Limuru Campus) Processing Center 27/04/2026 Donation- Pittsburgh   RT42 .M37 2010 073396 27/04/2026 1 27/04/2026 Book